How far does the arm stretch? (Record no. 75888)
[ view plain ]
| 000 -LEADER | |
|---|---|
| fixed length control field | 01407cab a2200241 4500 |
| 001 - CONTROL NUMBER | |
| control field | L130926 |
| 008 - FIXED-LENGTH DATA ELEMENTS--GENERAL INFORMATION | |
| fixed length control field | 050919n2005 000 0 eng u |
| 035 ## - SYSTEM CONTROL NUMBER | |
| System control number | (Sirsi) u130926 |
| 041 0# - LANGUAGE CODE | |
| Language code of text/sound track or separate title | eng |
| 100 1# - MAIN ENTRY--PERSONAL NAME | |
| Personal name | Cirell, Stephen |
| 245 ## - TITLE STATEMENT | |
| Title | How far does the arm stretch? |
| 260 ## - PUBLICATION, DISTRIBUTION, ETC. | |
| Date of publication, distribution, etc. | 2005 |
| 490 ## - SERIES STATEMENT | |
| Series statement | MJ Focus |
| Volume/sequential designation | 8 September 2005, 17(1) |
| 520 ## - SUMMARY, ETC. | |
| Summary, etc. | Discusses whether an Arm's Length Management Organisation (ALMO) can itself charge and trade. ALMOs may be able to engage in charging and trading-type activities dependent on their nature and scale such as the provision of training, consultancy services on housing management or the supply of temporary staff to other ALMOs. If an ALMO wanted to carry out full-scale commercial activity it would not be able to do it through the main ALMO company as it is a company limited by guarantee which is not a suitable vehicle for trading. ALMOs like local authorities themselves are concluding that setting up trading companies is not sufficiently beneficial and that they should rely on simpler charging activities to achieve income generation. |
| 590 ## - LOCAL NOTE (RLIN) | |
| Local note | IKA270905 |
| 650 ## - SUBJECT ADDED ENTRY--TOPICAL TERM | |
| Topical term or geographic name entry element | HOUSING ACT 1985 S27 |
| 650 ## - SUBJECT ADDED ENTRY--TOPICAL TERM | |
| Topical term or geographic name entry element | LOCAL GOVERNMENT ACT 2003 S95 |
| 650 ## - SUBJECT ADDED ENTRY--TOPICAL TERM | |
| Topical term or geographic name entry element | LOCAL GOVERNMENT ACT 2003 S93 |
| 650 ## - SUBJECT ADDED ENTRY--TOPICAL TERM | |
| Topical term or geographic name entry element | LOCAL GOVERNMENT ACT 2000 |
| 690 ## - LOCAL SUBJECT ADDED ENTRY--TOPICAL TERM (OCLC, RLIN) | |
| Topical term or geographic name as entry element | PROPERTY-RESIDENTIAL PROPERTY-RESIDENTIAL PROPERTY MANAGEMENT |
| 700 1# - ADDED ENTRY--PERSONAL NAME | |
| Personal name | Bennett, John |
| 942 ## - ADDED ENTRY ELEMENTS (KOHA) | |
| Suppress in OPAC | 0 |
| Withdrawn status | Lost status | Source of classification or shelving scheme | Damaged status | Not for loan | Home library | Current library | Shelving location | Date acquired | Total Checkouts | Full call number | Barcode | Date last seen | Copy number | Price effective from | Koha item type |
|---|---|---|---|---|---|---|---|---|---|---|---|---|---|---|---|
| Dewey Decimal Classification | London | London | Journal article | 19/09/2005 | L130926 | 130926-1001 | 06/08/2019 | 1 | 06/08/2019 | Journal article |